000 01449cam a22002771 4500
001 000004264
005 20200929151423.0
008 941119s1946 ag 000 0 spa
040 _aDO-SdBNP
_bspa
_cBNPHU
082 _a809.03
_bB817g
100 1 _aBrandes, Georg Morris Cohen.
_q(Georg Morris Cohen Brandes),
_d1842-1927.
_912606
245 1 4 _aLas grandes corrientes de la literatura en el siglo XIX /
_cGeorg Morris Cohen Brandes ; traducción V. Arobon Fernández, S. M. Neuschlosz, Ángela Romera y Marta E. Samatan.
260 _aBuenos Aires :
_bAmericalee,
_c1946.
300 _a6 v. ;
_c24 cm.
500 _aLa biblioteca posee el vol. Segundo.
500 _aThe Danish original was pub. 1872-1890 under title: Hovedstrmninger i det 19 de aarhundredes litteratur.
500 _a"Traduccion ... por V. Orobon Fernandez ... Dr. S. M. Neuschlosz ... las Dras. Angela Romera y Marta E. Samatan."
505 0 _av. 1. La literatura de emigrantes. La escuela romántica en Alemania. La Francia en Reaccion. El Naturalista en Inglaterra -- v. 2. La escuela romántica en Francia. La joven Alemania.
650 0 _aLiterature, modern
_y19th century
_xHistory and criticism.
_912607
650 0 _aNaturalism in literature.
_912608
650 0 _aRomanticism.
_912609
700 1 _aOrobon Fernandez, V.,
_etr.
_912610
700 1 _aNeuschlosz, s. m.,
_etr.
_912611
700 1 _aRomera, Angela,
_etr.
_912612
700 1 _aSamatan Marta E.,
_etr.
_912613
999 _c4078
_d4078